All Glee songs (season 3) - Statistics

General Stats
  • This quiz has been taken 34 times
  • The average score is 38 of 133
Answer Stats
episode song % Correct
bad
69%
i kissed a girl
69%
rumour has it / someone like you
69%
smooth criminal
69%
ABC
58%
it's all coming back to me now
58%
la isla bonita
54%
paradise by the dashboard light
54%
dinosaur
50%
i will always love you
50%
heart L O V E
50%
we found love
50%
human nature
46%
shake it out
46%
we got the beat
46%
america
42%
black or white
42%
candyman
42%
control
42%
on my way cough syrup
42%
nationals edge of glory
42%
fighter
42%
dance with somebody how will i know
42%
hungry like the wolf / rio
42%
scream
42%
somebody that i used to know
42%
survivor / i will survive
42%
we are the champions
42%
disco inferno
38%
man in the mirror
38%
more than a woman
38%
roots before branches
38%
stayin' alive
38%
stereo hearts
38%
take my breath away
38%
tongue tied
38%
ben
35%
cell block tango
35%
cry
35%
hit me with your best shot / one wayor another
35%
home
35%
never can say goodbye
35%
not the boy next door
35%
the spanish teacher sexy and i know it
35%
so emotional
35%
we are young
35%
you and i / you and i
35%
bamboleo / hero
31%
cool
31%
here's to us
31%
how deep is your love
31%
i can't go for that / you make mydreams
31%
i just can't stop loving you
31%
it's not right but it's okay
31%
love you like a love song
31%
night fever
31%
run the world (girls)
31%
extraordinary merry christmas all i want for christmas is you
27%
anything goes / anything you can do
27%
cherish / cherish
27%
if i can't have you
27%
big brother i'm still standing
27%
i wanna dance with somebody (who loves me)
27%
jolene
27%
last friday night
27%
hold on to sixteen red solo cup
27%
(deleted scene) santa baby
27%
saving all my love for you
27%
something's coming
27%
michael wanna be startin' somethin'
27%
you can't stop the beat
27%
you get what you give
27%
saturday night glee-ver you should be dancing
27%
a boy like that
23%
bein' green
23%
constant craving
23%
extraordinary merry christmas
23%
fly / i believe i can fly
23%
girls just want to have fun
23%
mash off hot for teacher
23%
mean
23%
i am unicorn somewhere
23%
stand
23%
starships
23%
yes/no summer nights
23%
what doesn't kill you
23%
what makes you beautiful
23%
blue christmas
19%
boogie shoes
19%
glad you came
19%
i have nothing
19%
in my life
19%
love shack
19%
i kissed a girl perfect
19%
pinball wizard
19%
asian f spotlight
19%
the first time tonight
19%
uptown girl
19%
wedding bell blues
19%
a little less conversation
15%
prom-asaurus big girls don't cry
15%
christmas wrapping
15%
the purple piano project ding dong the witch is dead
15%
fix you
15%
goodbye glory days
15%
i'll remember
15%
i'm the only one
15%
let it snow
15%
moves like jagger / jumpin' jack flash
15%
my favorite things
15%
my love is your love
15%
out here on my own
15%
river
15%
choke school's out
15%
the first time ever i saw your face
15%
you're the top
15%
buenos aires
12%
do they know it's christmas?
12%
i'm the greatest star
12%
it's all over
12%
let me love you
12%
one hand, one heart
12%
santa claus is coming to town
12%
pot o' gold take care of yourself
12%
up up up
12%
without you
12%
because you loved me
8%
don't wanna lose you
8%
flashdance
8%
the rain in spain
8%
waiting for a girl like you
8%
it's not usual
4%
props i won't give up
4%
No matching quizzes found
Score Distribution
Percent of People with Each Score
Percentile by Number Answered
Your Score History
You have not taken this quiz